Statistiken für Top 15 Länder mit Covid-19-Todesfällen - 10. November 2021

Klicken Sie hier um das Quiz zu spielen!

Allgemein

  • Dieses Quiz wurde 21 mal gespielt
  • Das Durchschnittsergebnis liegt bei 17 aus 25

Antwortstatistiken

Land% Korrekt
Deutschland
95%
Russland
95%
Vereinigtes
Königreich
95%
Vereinigte Staaten
95%
Brasilien
89%
Frankreich
89%
Italien
89%
Mexiko
84%
Argentinien
79%
Indien
74%
Iran
74%
Kolumbien
68%
Peru
68%
Kroatien
63%
Ungarn
63%
Bulgarien
58%
Slowakei
58%
Slowenien
58%
Tschechien
58%
Rumänien
53%
Südafrika
53%
Indonesien
42%
Bosnien und
Herzegowina
37%
Georgien
37%
Nordmazedonien
21%

Verteilung der Resultate

Perzentil nach korrekt beantworteten Fragen

Anzahl Personen mit jedem Resultat

Ihre Resultats-Entwicklung

Sie haben dieses Quiz noch nicht gespielt